00374nam a2200145Ia 4500003000400000005001700004008004100021020001800062040000900080082001500089100001600104245005700120260004200177300000900219OSt20200602155355.0190216s9999||||xx |||||||||||||| ||und|| a9788125036876 coclc a909bDEV/H aDev, Arjun  0aHistory Of The World /cArjun Dev ; Indira Arjun Dev bOrient Black Swans,c2009.aHyderbad: a275p